Railway Stations in Northern Ireland - Statistics

General Stats
  • This quiz has been taken 84 times
  • The average score is 32 of 54
Answer Stats
Answer % Correct
Derry ~ Londonderry
93%
Coleraine
88%
Bangor
86%
Portrush
86%
Belfast Grand Central
81%
Newry
81%
Belfast Lanyon Place
79%
Carrickfergus
79%
Lisburn
77%
Portadown
77%
Ballymena
74%
Botanic
72%
Antrim
70%
Ballymoney
70%
Larne Harbour
67%
Lurgan
67%
City Hospital
65%
York Street
65%
Titanic Quarter
63%
Holywood
60%
Bangor West
58%
Cultra
58%
Sydenham
58%
Adelaide
56%
Balmoral
56%
Castlerock
56%
Finaghy
56%
Moira
56%
Whiteabbey
56%
Whitehead
56%
Dhu Varren
53%
Dunmurry
53%
Helen's Bay
53%
Jordanstown
53%
University
53%
Cullybackey
51%
Larne Town
51%
Scarva
49%
Carnalea
47%
Greenisland
47%
Hilden
47%
Downshire
44%
Lambeg
44%
Marino
44%
Mossley West
44%
Seahill
44%
Ballycarry
42%
Bellarena
42%
Clipperstown
42%
Derriaghy
40%
Poyntzpass
40%
Trooperslane
40%
Glynn
37%
Magheramorne
33%
No matching quizzes found
Score Distribution
Percent of People with Each Score
Percentile by Number Answered
Your Score History
You have not taken this quiz